Some thermodynamic aspects of inorganic chemistry (Record no. 28081)
[ view plain ]
| 000 -LEADER | |
|---|---|
| fixed length control field | 00308nam a2200109Ia 4500 |
| 082 ## - DEWEY DECIMAL CLASSIFICATION NUMBER | |
| Classification number | 541.11:547 |
| Item number | JOH |
| 100 ## - MAIN ENTRY--AUTHOR NAME | |
| Personal name | Johnson, D A |
| 245 #0 - TITLE STATEMENT | |
| Title | Some thermodynamic aspects of inorganic chemistry |
| 260 ## - PUBLICATION, DISTRIBUTION, ETC. (IMPRINT) | |
| Place of publication | Cambridge |
| Name of publisher | Cambridge Univ Press |
| Year of publication | 1968 |
| 942 ## - ADDED ENTRY ELEMENTS (KOHA) | |
| Koha item type | Books |
| Withdrawn status | Lost status | Damaged status | Not for loan | Home library | Current library | Date acquired | Cost, normal purchase price | Full call number | Accession Number | Koha item type |
|---|---|---|---|---|---|---|---|---|---|---|
| RRII Library | RRII Library | 16/12/2021 | 4.25 | 541.11:547 JOH | 08690 | Books |